Score 0/15 Timer 02:00
0 Plays Today
Hint 3-letter Word % Correct
'Randy, will you eat? There ___ starving people in China!'ARE
93.2%
The Catcher in the ___ (a very different Christmas story)RYE
92.1%
Hanks of The Polar ExpressTOM
91.5%
'You'll shoot your ___ out.'✼ EYE ✼
91.2%
'I Triple-___-Dare You!'DOG
90%
Allen of Christmas with the KranksTIM
88.7%
Yule ___LOG
87.9%
With #15, what you shouldn't touch to a frozen pole✼ TON_ ✼
87.3%
Hint 3-letter Word % Correct
___ we now our gay apparel; fa ra ra fa ra ra...DON
86.7%
Regret or remorse (e.g. The Bumpusses will ___ the day their dogs ate our turkey)RUE
85.4%
Winterized Randy: I can't put my ___s down!✼ ARM ✼
84.1%
With #5, what you shouldn't touch to a frozen pole✼ _GUE ✼
83.4%
Do this before firing your Red Ryder rifleAIM
81.5%
But I heard him exclaim ___ he drove out of sight' (original wording, A Visit from St. Nicholas)ERE
80.5%
Anatomy of the 'Major Award'✼ LEG ✼
67.1%

Today's Daily Dose

You're not logged in!

Compare scores with friends on all Sporcle quizzes.
OR
Log In

Sporcle TV

Today on Sporcle TV


Watch our educational content, quiz creation guides, and fun videos on Sporcle TV.

Show Comments

Extras

Top Quizzes Today


Score Distribution

Paid Content

Your Account Isn't Verified!

In order to create a playlist on Sporcle, you need to verify the email address you used during registration. Go to your Sporcle Settings to finish the process.

Report this User

Report this user for behavior that violates our Community Guidelines.

Details: